000
00277nam a22001097a 4500
008
230629b xxu||||| |||| 00| 0 eng d
082
_a
338.9
_b
EVA
245
_a
Approaches to Rural- Urban Development
260
_a
Kenya
_b
University of Nairobi
300
_a
40p
942
_2
ddc
_c
BK
999
_c
2985
_d
2985